00353nam a2200145Ia 45000030006000000080041000060400015000471000021000622450037000832500006001202600044001263000006001705460014001760050017001900STCL150530s9999 xx 000 0 und d aSTCLcSTCL aRaveendran, P.P. aAdhunikanantaram Vicharam Vayana a1 bCurrent books; Thrissurc1999aThrissur a0 aMalayalam20220125171726.0